| 000 | 00693 a2200205 4500 | ||
|---|---|---|---|
| 005 | 20260218121639.0 | ||
| 008 | 260218b |||||||| |||| 00| 0 eng d | ||
| 020 |
_a9789393219619 _cरु 400.00 |
||
| 040 | _aMAIN | ||
| 082 |
_a891.43308 _bPD192G |
||
| 100 | _aपांडे, दीपक, सम्पा. | ||
| 110 | _a | ||
| 245 | _aग्यारह प्रवासी प्रतिनिधि कहानिया | ||
| 250 | _aLatest edition | ||
| 260 |
_bराइजिंग स्टार्स _aदिल्ली _c2024 |
||
| 300 | _a134 | ||
| 650 | _aहिन्दी साहित्य | ||
| 651 | _aकहानी-संग्रह | ||
| 942 | _cHN | ||
| 999 |
_c396508 _d396508 |
||